Personaggi che usano la Mano di Luce (Inazuma Eleven) - Statistics

Statistiche generali
  • Questo quiz è stato fatto 157 volte
  • Il punteggio medio è 5 su 6
Statistiche sulle risposte
con Immagini Risposta % Corretto
Darren LaChance
99%
Mark Evans
99%
Seymour Hillman
93%
Silvia Woods
93%
Hector Helio
87%
Paul Peabody
60%
Nessun quiz corrispondente trovato
Distribuzione punteggi
Percentuale di utenti per punteggio
Percentile per numero di risposta
I tuoi punteggi nel tempo
Non hai fatto questo quiz